000 00297pab a2200133 454500
008 180718b1990 xxu||||| |||| 00| 0 eng d
245 _aEmployment for rural youth
260 _c1990
300 _a7-66
362 _aOct.
650 _aYouth - India
773 _aKhadi Gramodyog
909 _a21092
999 _c21092
_d21092